Canadian Geography by Letter - M - Statistics

General Stats
  • This quiz has been taken 34 times
    18 since last reset
  • The average score is 7 of 20
Answer Stats
Hint Answer % Correct
Prairie province, "straits of Manitou, the Great Spirit" in Cree or Ojibwe Manitoba
100%
Tree whose leaf is a symbol of Canada Maple
88%
Canada's most populated island. Also, the city on that island Montreal
76%
Longest river system in Canada, whose basin covers five provinces and territories {Mackenzie} River
53%
City in Saskatchewan, home to the Snowbirds and Mac the Moose Moose Jaw
53%
Region that includes New Brunswick, Nova Scotia and PEI The {Maritime}s
53%
One of the three major urban centres of New Brunswick, known as the "Hub City" Moncton
47%
City in Alberta referencing the traditional headdress of local First Nations Medicine Hat
35%
Köppen climate classification of southern Vancouver Island. Fitting for Canada's mildest region {Mediterranean} climate
35%
City east of Toronto, "Great River-mouth" in Anishinaabe Mississauga
35%
City in metro Vancouver, named after BC's first Lieutenant-Governor Port {Moody}
29%
Southern Ontario city branded as Canada's "High-Tech Capital" Markham
24%
Traditional name of this region to its First Nations people Mi'kma'ki
24%
Lake in Jasper National Park which contains Spirit Island. Start of the Skyline Trail {Maligne} Lake
18%
Village in the Yukon named after a circus acrobat turned explorer Mayo
12%
Site of failed negotiations between federal and provincial governments in 1987 {Meech} Lake
12%
BC provincial park famous for Cathedral Grove, a stand of ancient Douglas fir {MacMillan} Provincial Park
6%
Southeastern point of the Avalon Peninsula which sounds like a mapping error {Mistaken} Point
6%
Largest natural lake in the province of Quebec Lake {Mistassini}
0%
Saskatchewan town that shares the hottest temperature record with Yellow Grass Midale
0%
No matching quizzes found
Score Distribution
Percent of People with Each Score
Percentile by Number Answered
Your Score History
You have not taken this quiz since the last reset